000 00315nam a22001457a 4500
008 210429b ||||| |||| 00| 0 eng d
020 _a2901259577894
041 _aeng
080 _a070
082 _a070
100 _a39
101 _aMED
245 _aIntroduction to Theatre
_cRobert Cohen
942 _2udc
_cBK
999 _c56983
_d56983